000 00615nam a2200145 4500
999 _c3629
_d3629
020 _a9788121912488
050 _aHG4521
100 _a V K Bhalla
245 _aInvestment management :
_bSecurity analysis and portfolio management.
_c V K Bhalla
250 _a11th ed
260 _a New Delhi :
_bS Chand,
_c2007.
300 _a1050pgs
_bill
_c21cm
505 _aPart I. The investment environment Part II. Alternative investment outlets for funds Part III. Security analysis Part IV. Portfolio analysis and management Part V. Financial derivatives Part VI. International financial flows
942 _cBK